Nich's Weekly Quiz #1 - Statistics

General Stats
  • This quiz has been taken 15 times
    13 since last reset
  • The average score is 4 of 13
Answer Stats
Hint Answer % Correct
Famous Cuban revolutionary leader who also died. Fidel Castro
100%
Which country had a referendum on constitutional changes? Italy
56%
A deadly fire in a warehouse began in which US State? California
44%
Trump supposedly called which country's president? Taiwan
44%
Name of the person who won the Austrian election Alexander Van der Bellen
22%
Which famous actor who 'knew nothing' was buried this week? Andrew Sachs
22%
The new plastic 5 pound note has been revealed to contain what in it? Animal Fat
22%
Which Brazilian football team was involved in a plane crash? Chapecoense
22%
Which national park was shut due to bushfires? Great Smoky Mountains National Park
22%
Who retired from Formula 1 soon after winning it? Nico Rosberg
22%
Which rapper has been doing sold out shows at the G-A-Y club in Soho? Honey G
11%
What is the name of the New Zealand PM who stepped down? John Key
0%
Which company is paying 40 million dollars for polluting the ocean? Princess Cruise Lines
0%
No matching quizzes found
Score Distribution
Percent of People with Each Score
Percentile by Number Answered
Your Score History
You have not taken this quiz since the last reset